Political participation of tribal women in Odisha (Record no. 510572)

000 -LEADER
fixed length control field 00478nam a2200169 4500
008 - FIXED-LENGTH DATA ELEMENTS--GENERAL INFORMATION
fixed length control field 190823b ||||| |||| 00| 0 eng d
100 ## - MAIN ENTRY--PERSONAL NAME
Personal name Ketaki, Kalinga
245 ## - TITLE STATEMENT
Title Political participation of tribal women in Odisha
260 ## - PUBLICATION, DISTRIBUTION, ETC. (IMPRINT)
Date of publication, distribution, etc 2019
300 ## - PHYSICAL DESCRIPTION
Extent p.38-42.
650 ## - SUBJECT ADDED ENTRY--TOPICAL TERM
Topical term or geographic name as entry element Tribes and tribal system - Odisha
9 (RLIN) 8786
650 ## - SUBJECT ADDED ENTRY--TOPICAL TERM
Topical term or geographic name as entry element Women
9 (RLIN) 8787
650 ## - SUBJECT ADDED ENTRY--TOPICAL TERM
Topical term or geographic name as entry element Women in politics
9 (RLIN) 8788
773 ## - HOST ITEM ENTRY
Main entry heading Third Concept
906 ## - LOCAL DATA ELEMENT F, LDF (RLIN)
Subject DIP Political participation
942 ## - ADDED ENTRY ELEMENTS (KOHA)
Source of classification or shelving scheme
Item type Articles
Holdings
Withdrawn status Lost status Source of classification or shelving scheme Damaged status Not for loan Permanent location Current location Date acquired Serial Enumeration / chronology Barcode Date last seen Koha item type
          Indian Institute of Public Administration Indian Institute of Public Administration 2019-08-23 33(386), Apr, 2019: p.38-42. AR120489 2019-08-23 Articles

Powered by Koha